00480nam a2200145Ia 4500008004100000245010300041260001700144260000900161300000800170650002300178650001200201856002900213999001900242952007300261170516s9999 xx 000 0 und d aBivalent Brain Shuttle Increases Antibody Uptake by Monovalent Binding to the Transferrin Receptor bTheranostics c2017 a7:2 xMedical Technology xMedtech uhttp://www.thno.org/v7i2 c330044d330044 001040aCLbCLd2017-05-16l0r2017-05-16 00:00:00w2017-05-16yFOJ